000 00562nam a2200205Ia 4500
005 20260629163254.0
008 260629s9999||||xx |||||||||||||| ||und||
020 _a9789386224583
_qpbk
082 _a823.92
_bTRI
100 _aTripathi, Amish
245 0 _aSita : warrior of Mithila
260 _aChennai
_bWestland Publications
_c2017
300 _axxii, 361p. ; 20cm.
490 _aRam Chandra series-2
653 _aFantasy fiction
653 _aHindu mythology Fiction
653 _aRama (Hindu deity)
653 _aSita (Hindu deity)
942 _cBK
999 _c57284
_d57284